00365 a2200121 450000100060000010000200000624500370002626000370006309000170010094200230011799900190014095200840015939883 aVerma Ashok K aLetter Writing for all Occasions aNew DelhibGaurar Publicationsc c24880d24880 aNUST-CAEcMc16536 c274956d274956 001040708NFICaCAEbCAEd2017-04-03l0pCAE61334r2017-04-05w2017-04-05yBK